000 00302nam a22001217a 4500
008 181123b xxu||||| |||| 00| 0 eng d
041 _aeng
080 _a043.3
100 _a0
101 _aBTH-SHP
245 _aOKB dhe Operacionet paqeruajtëse-sukseset dhe dështimet
_cZhjeçi,A
942 _2udc
_cBK
999 _c52455
_d52455